Arrêts de bus de Nantes - Ligne C3 - Statistiques

Statistiques générales
  • Ce quiz a été pris 12 fois
  • Le résultat moyen est 23 sur 36
Statistiques - réponses
Commune Arrêts Correspondances % Correct
Nantes Commerce 1, 2, 3, C2, C8, 26
100%
Saint-Herblain Armor 50, 93
91%
Nantes Gare Sud 1, 5, C2, C8
91%
Nantes Hôtel Dieu C2, C8
91%
Nantes Procé C6
82%
Nantes Saint-Nicolas C1, C6, C8, 11, 23, 26
82%
Nantes Bd de Doulon 1, 10
73%
Nantes Copernic C1, 11, 23
73%
Nantes Haubans 5
73%
Nantes Littré
73%
Nantes Vincent Auriol C6
73%
Saint-Herblain Zénith
73%
Nantes Canclaux C1, 11, 23
64%
Saint-Herblain Duguay Trouin
64%
Nantes Écosse
64%
Saint-Herblain Édith Piaf
64%
Nantes Lamoricière C1, 11, 23
64%
Nantes Malakoff
64%
Nantes Poincaré C6, 10
64%
Saint-Herblain Bd Charles Gautier 59
55%
Nantes Berlin 5
55%
Nantes Châtaigniers C20
55%
Nantes Édit de Nantes C1, 11, 23
55%
Saint-Herblain Franklin
55%
Nantes Grillaud
55%
Nantes Hongrie
55%
Nantes Jean Ingres
55%
Nantes Lamartine
55%
Nantes La Roche
55%
Nantes Lieu Unique C2, C8
55%
Nantes Monteil C2, C8
55%
Saint-Herblain Claude Bernard 59
45%
Nantes Delacroix
45%
Nantes Prairie Mauves
45%
Nantes San Francisco
45%
Nantes Raoul Dufy
36%
Aucun quiz correspondant
Distribution des résultats
% des personnes avec chaque résultat
Percentile par nombre de réponses
Votre historique - résultats
Vous n’avez pas pris ce quiz